[Event "Chigorin mem"]
[Site "St Petersburg"]
[Date "1999.11.02"]
[Round "1"]
[White "Shchukin, Dmitry"]
[Black "Asrian, Karen"]
[Result "0-1"]
[WhiteElo "2386"]
[BlackElo "2575"]

1.d4 d5 2.c4 e6 3.Nc3 c6 4.e3 Nf6 5.Nf3 Nbd7 6.Qc2 Bd6 7.g4 e5 8.g5 Ne4 9.cxd5 Nxg5
10.Nxg5 Qxg5 11.dxc6 bxc6 12.Ne4 Bb4+ 13.Bd2 Bxd2+ 14.Qxd2 Qg6 15.Bd3 f5
16.Ng3 e4 17.Bc4 Nb6 18.Qb4 Be6 19.Bxe6 Qxe6 20.Rc1 g6 21.O-O Kf7 22.f3 exf3
23.Rxf3 Rhf8 24.e4 Kg8 25.exf5 gxf5 26.Qd2 Qd5 27.Rcf1 Nc4 28.Qg5+ Kh8 29.Rxf5 Qxd4+
30.Kh1 Rxf5 31.Qxf5 Ne3 32.Qf6+ Qxf6 33.Rxf6 Rd8 34.h4 Rd1+  0-1

[Event "Bundesliga 9900"]
[Site "Germany"]
[Date "1999.11.06"]
[Round "3"]
[White "Epishin, Vladimir"]
[Black "Lautier, Joel"]
[Result "1/2-1/2"]
[WhiteElo "2657"]
[BlackElo "2638"]

1.d4 d5 2.c4 c6 3.Nc3 Nf6 4.e3 e6 5.Nf3 Nbd7 6.Qc2 Bd6 7.Bd3 O-O 8.O-O dxc4
9.Bxc4 a6 10.Rd1 b5 11.Be2 Qc7 12.e4 e5 13.g3 Re8 14.a3 exd4 15.Nxd4 Be5
16.Bf3 c5 17.Nde2 Bb7 18.Be3 c4 19.Bg2 Nc5 20.f3 h5 21.Nf4 Rad8 22.Qf2 Nb3
23.Bb6 Rxd1+ 24.Rxd1 Qb8 25.Nfe2 h4 26.Ba7 hxg3 27.hxg3 Qc8 28.Be3 Rd8 29.Nd4 Nxd4
30.Bxd4 Qb8 31.Bxe5 Rxd1+ 32.Nxd1 Qxe5 33.Nc3 Nd7  1/2-1/2

[Event "Chigorin mem"]
[Site "St Petersburg"]
[Date "1999.11.06"]
[Round "5"]
[White "Shalimov, Valery"]
[Black "Chehlov, Aleksander"]
[Result "1-0"]
[WhiteElo "2423"]
[BlackElo "2267"]

1.d4 Nf6 2.Nf3 e6 3.c4 d5 4.Nc3 c6 5.e3 Nbd7 6.Qc2 Be7 7.b3 b6 8.Bd3 Bb7
9.O-O Rc8 10.Bb2 h6 11.Rad1 O-O 12.Qe2 Bd6 13.e4 dxe4 14.Nxe4 Nxe4 15.Bxe4 Re8
16.Ne5 Nf8 17.f4 Qc7 18.Qf2 Ba8 19.c5 Be7 20.f5 f6 21.Nc4 Rcd8 22.b4 Bb7
23.Rfe1 Bc8 24.Qf3 Bd7 25.g4 exf5 26.gxf5 Nh7 27.h4 Bf8 28.Bc1 b5 29.Bf4 Qc8
30.Ne3 Kh8 31.Bc2 Re7 32.d5 cxd5 33.Qxd5 Ree8 34.Qf7 Re7 35.Qd5 Ree8 36.Bb3 Be6
37.Qxe6 Rxe6 38.fxe6 Re8 39.Nf5 Bxc5+ 40.bxc5 Qxc5+ 41.Ne3 g5 42.Bd6 Qb6
43.e7 Kg7 44.h5 g4 45.Kh2 Ng5 46.Kg3 Ne4+ 47.Kxg4 Nf2+ 48.Kf3 Nxd1 49.Rxd1 Qc6+
50.Kf4 Qc3 51.Nf5+ Kh8 52.Bf7 Qc2 53.Ne3 Qh2+ 54.Kf3 Qh3+ 55.Ke2 Qc8 56.Rg1 Qd7
57.Rg6 Rxe7 58.Bxe7 Qxe7 59.Bd5 Qe5 60.Rxh6+ Kg7 61.Kd3 b4 62.Rg6+ Kh8 63.Rg8+ Kh7
64.Ra8 Qc3+ 65.Ke2 Qc2+ 66.Kf3 a5 67.Rf8 Qc3 68.Re8 a4 69.Kg4 f5+ 70.Nxf5 b3
71.Bg8+ Kh8 72.Bf7+  1-0

[Event "SLO-chT"]
[Site "Bled"]
[Date "1999.11.08"]
[Round "1"]
[White "Kozul, Zdenko"]
[Black "Sveshnikov, Evgeny"]
[Result "1/2-1/2"]
[WhiteElo "2612"]
[BlackElo "2541"]

1.d4 d5 2.c4 e6 3.Nf3 Nf6 4.Nc3 c6 5.e3 Nbd7 6.Bd3 dxc4 7.Bxc4 b5 8.Bd3 b4
9.Na4 c5 10.dxc5 Nxc5 11.Nxc5 Bxc5 12.O-O Bb7 13.Qe2 O-O 14.e4 h6 15.Nd2 Rc8
16.Nb3 Bb6 17.Rd1 Qc7 18.Be3 Bxe3 19.Qxe3 Ng4 20.Qg3 Qxg3 21.hxg3 Ne5 22.f3 f5
23.exf5 Nxd3 24.Rxd3 Rxf5 25.a3 bxa3 26.Rxa3 Rb5 27.Rc3 a6 28.Rxc8+ Bxc8
29.Nd4 Rxb2 30.Rc3 Bb7 31.Nxe6 a5 32.Rc5 a4 33.Ra5 Bc6 34.Ra7 Rb7 35.Ra8+ Kh7
36.Nf8+ Kg8 37.Ne6+  1/2-1/2

[Event "World Seniors"]
[Site "Gladenbach GER"]
[Date "1999.11.09"]
[Round "2"]
[White "Bagirov,V"]
[Black "Ofstad,P"]
[Result "1-0"]
[WhiteElo "2471"]
[BlackElo "2179"]

1.d4 d5 2.c4 c6 3.Nc3 Nf6 4.Nf3 e6 5.e3 Nbd7 6.Qc2 Bd6 7.g4 dxc4 8.Bxc4 e5
9.g5 Nd5 10.Bd2 O-O 11.Nxd5 cxd5 12.Bxd5 exd4 13.O-O-O Nb6 14.Be4 Bg4 15.Nxd4 Rc8
16.Bc3 Bxd1 17.Rxd1 Qxg5 18.f4 Qf6 19.Nb5 Rxc3 20.Nxc3 Bc5 21.Qd3 g6 22.Bxb7 Qe7
23.Be4 Re8 24.f5 Bb4 25.fxg6 hxg6 26.Bxg6 Bxc3 27.bxc3 fxg6 28.Qxg6+ Kh8
29.Qh5+  1-0

[Event "Chigorin mem"]
[Site "St Petersburg"]
[Date "1999.11.09"]
[Round "8"]
[White "Kalugin, Sergei"]
[Black "Riazantsev, Alexander"]
[Result "1/2-1/2"]
[WhiteElo "2455"]
[BlackElo "2417"]

1.d4 d5 2.c4 c6 3.Nc3 Nf6 4.Nf3 e6 5.e3 Nbd7 6.Bd3 dxc4 7.Bxc4 b5 8.Bd3 Bb7
9.O-O a6 10.e4 c5 11.d5 Qc7 12.dxe6 fxe6 13.Bc2 Bd6 14.Ng5 Nf8 15.f4 O-O-O
16.Qe2 h6 17.Nh3 e5 18.a4 b4 19.Nd5 Nxd5 20.exd5 Bxd5 21.Qxa6+ Bb7 22.Qe2 Nd7
23.Be4 Rhe8 24.Bxb7+ Qxb7 25.f5 Nf6 26.Be3 Nd5 27.Rac1 Nxe3 28.Qxe3 Kb8 29.Nf2 e4
30.Rc4 Qd5 31.Rfc1 Qxf5 32.Rxb4+ cxb4 33.Qb6+  1/2-1/2

[Event "ch-ESP (team) Div 2"]
[Site "Cala Galdana ESP"]
[Date "1999.11.10"]
[Round "3"]
[White "Gavin Roche,E"]
[Black "Medina Carrasco,S"]
[Result "1-0"]
[WhiteElo "2198"]
[BlackElo "2153"]

1.d4 d5 2.c4 c6 3.Nc3 Nf6 4.e3 e6 5.Nf3 Be7 6.Be2 dxc4 7.Bxc4 O-O 8.O-O Nbd7
9.Qe2 b5 10.Bd3 a6 11.e4 Bb7 12.e5 Nd5 13.Qe4 g6 14.Nxd5 exd5 15.Qg4 Bc8
16.Qg3 Nb6 17.h4 Qd7 18.Bh6 Re8 19.e6 Qxe6 20.Rae1 Qd7 21.Ne5 Qd6 22.Nxg6 hxg6
23.Qxd6 Bxd6 24.Rxe8+ Kh7 25.Bg5 Bd7 26.Rxa8 Nxa8 27.Re1 Kg7 28.Be7 Bc7 29.Bc5 Bd8
30.g3 Bf6 31.Be2 Nc7 32.Bb6 Ne8 33.b3 Nd6 34.Bd3 Kh6 35.Kg2 Ne8 36.f3 Ng7
37.Rd1 Ne6 38.Be2 Kg7 39.Kf2 Be7 40.a4 Bf6 41.Ke3 Kf8 42.axb5 axb5 43.Ra1 Ke7
44.Ra8 Kd6 45.b4 Be7 46.f4 Bf6 47.h5 Ng7 48.hxg6 Nf5+ 49.Kd3 fxg6 50.g4 Ng3
51.Bf3 Ke6 52.Bc5 Kf7 53.Rf8+ Ke6 54.g5 Bg7 55.Bg4+ Nf5 56.Bxf5+ gxf5 57.Rd8  1-0

[Event "ESP-chT Div 1"]
[Site "Cala Galdana"]
[Date "1999.11.10"]
[Round "3"]
[White "Giorgadze, Giorgi"]
[Black "Lautier, Joel"]
[Result "1/2-1/2"]
[WhiteElo "2602"]
[BlackElo "2638"]

1.d4 d5 2.c4 c6 3.Nc3 Nf6 4.e3 e6 5.Nf3 Nbd7 6.Bd3 dxc4 7.Bxc4 b5 8.Bd3 Bb7
9.e4 b4 10.Na4 c5 11.e5 Nd5 12.Ng5 Be7 13.Qh5 Bxg5 14.Bxg5 Qa5 15.Nxc5 Nxc5
16.dxc5 Ba6 17.Bxa6 Qxa6 18.Qe2 Qxe2+ 19.Kxe2 Kd7 20.Rhc1 Kc6 21.Bd2 a5 22.a4 bxa3
23.Rxa3 Rhb8 24.Rc2 Rb5 25.Rh3 h6 26.Rg3 g5 27.h4 gxh4 28.Rg4 Rab8 29.Ke1  1/2-1/2

[Event "World Seniors"]
[Site "Gladenbach GER"]
[Date "1999.11.10"]
[Round "3"]
[White "Shestoperov,A"]
[Black "Lieb,H"]
[Result "1-0"]
[WhiteElo "2417"]
[BlackElo "2254"]

1.d4 Nf6 2.Nf3 e6 3.c4 d5 4.Nc3 c6 5.e3 Nbd7 6.Qc2 a6 7.b3 Bd6 8.Be2 O-O
9.O-O e5 10.cxd5 cxd5 11.dxe5 Nxe5 12.Bb2 Be6 13.Rad1 Qc7 14.h3 Rac8 15.Qb1 Rfd8
16.Rc1 Qd7 17.Nxe5 Bxe5 18.Na4 Bxb2 19.Qxb2 Qd6 20.b4 Nd7 21.Qd4 Ne5 22.Nc5 Nc6
23.Qb2 Qe7 24.Rfd1 a5 25.bxa5 Nxa5 26.Qb5 Nc4 27.Nxe6 fxe6 28.Bxc4 Rc5 29.Qxc5 Qxc5
30.Bxd5 Rxd5 31.Rxc5 Rxd1+ 32.Kh2 Rd2 33.Kg3 Rxa2 34.Rc8+ Kf7 35.Rc7+ Kf6
36.Rxb7 Rc2 37.f4 Rc3 38.Kf3 h5 39.Rb5 g6 40.g4 hxg4+ 41.hxg4 Rc7 42.g5+ Ke7
43.Ke4 Kd6 44.Rb8 Ke7 45.Rh8 Rc4+ 46.Ke5 Rc5+ 47.Kd4 Rd5+ 48.Ke4 Rf5 49.Rh7+ Kf8
50.Rd7 Ra5 51.Kd4 Rf5 52.Ke4 Ra5 53.Rb7 Rf5 54.Rd7 Ra5 55.Kd4 Rb5 56.e4 Ra5
57.Rc7 Rb5 58.Ra7 Rb1 59.Ke5 Rf1 60.Ra6 Kf7 61.Rxe6 Rxf4 62.Rf6+ Rxf6 63.gxf6 g5
64.Kd6  1-0

[Event "Monarch Assurance 8th"]
[Site "Port Erin"]
[Date "1999.11.10"]
[Round "5"]
[White "Psakhis, Lev"]
[Black "Kosteniuk, Alexandra"]
[Result "1-0"]
[WhiteElo "2581"]
[BlackElo "2324"]

1.d4 d5 2.c4 c6 3.e3 Nf6 4.Nc3 e6 5.Nf3 Nbd7 6.Bd3 dxc4 7.Bxc4 b5 8.Bd3 Qc7
9.e4 e5 10.dxe5 Nxe5 11.Nxe5 Qxe5 12.f4 Qc5 13.e5 Nd5 14.Nxd5 Qxd5 15.O-O Bb7
16.Be3 Rd8 17.Be2 Bc5 18.Qc1 Bxe3+ 19.Qxe3 Qd4 20.Qxd4 Rxd4 21.Rad1 Rd8 22.Kf2 Ke7
23.f5 Rhe8 24.Ke3 Rxd1 25.Rxd1 Kf8 26.Kf4 g5+ 27.Kxg5 Rxe5 28.Bf3 Ke7 29.g4 f6+
30.Kh6 Re3 31.Rf1 Kf7 32.h4 b4 33.Kxh7 Ba6 34.Rf2 Bc4 35.g5 fxg5 36.hxg5 Bxa2
37.Bh5+ Kf8 38.g6 Rh3 39.g7+ Ke7 40.f6+ Kd6 41.f7 Bxf7 42.Rxf7 Rxh5+ 43.Kg6 Rh2
44.Rf5  1-0

[Event "Chigorin mem"]
[Site "St Petersburg"]
[Date "1999.11.10"]
[Round "9"]
[White "Kruppa, Yuri"]
[Black "Klimov, Sergey"]
[Result "1-0"]
[WhiteElo "2603"]
[BlackElo "2416"]

1.d4 d5 2.c4 c6 3.Nc3 Nf6 4.e3 e6 5.Nf3 Nbd7 6.Bd3 dxc4 7.Bxc4 b5 8.Bd3 Bb7
9.O-O a6 10.e4 c5 11.d5 Qc7 12.Bg5 c4 13.Rc1 Bd6 14.Bb1 O-O 15.Re1 e5 16.Nh4 g6
17.Qf3 Be7 18.Bh6 Rfe8 19.Nf5 Bf8 20.Bxf8 Rxf8 21.Ne3 Ne8 22.Qg3 Nd6 23.h4 Rae8
24.Nf5 Nf6 25.Nxd6 Qxd6 26.a4 Qb6 27.axb5 axb5 28.Qe3 Qxe3 29.Rxe3 b4 30.Na2 b3
31.Nb4 Ra8 32.Rxc4 Ra1 33.Re1 Rfa8 34.Rc7 Nxe4 35.Rxb7 Nd2 36.d6  1-0

[Event "World Seniors"]
[Site "Gladenbach GER"]
[Date "1999.11.11"]
[Round "4"]
[White "Arkhangelsky,B"]
[Black "Hund,G"]
[Result "1-0"]
[WhiteElo "2425"]
[BlackElo "2141"]

1.Nf3 Nf6 2.c4 e6 3.Nc3 d5 4.d4 c6 5.e3 Be7 6.Bd3 O-O 7.O-O Nbd7 8.b3 b6
9.e4 dxe4 10.Nxe4 Bb7 11.Nxf6+ Bxf6 12.Be4 Qc7 13.Qc2 c5 14.Bb2 Bxe4 15.Qxe4 cxd4
16.Bxd4 Bxd4 17.Nxd4 Nc5 18.Qe2 Rfd8 19.Rfd1 a6 20.b4 Nb7 21.Rac1 Rd7 22.Nf3 Rad8
23.Rxd7 Qxd7 24.h3 Rc8 25.Ne5 Qc7 26.c5 b5 27.Rd1 Rd8 28.Rxd8+ Nxd8 29.Qe4 f6
30.Nf3 a5 31.a3 axb4 32.axb4 Qd7 33.Nd4 e5 34.c6 Qd6 35.Nf5 Qc7 36.Qd5+ Kf8
37.Qc5+ Kf7 38.Qd6 Ne6 39.Qd5 g6 40.Nd6+ Ke7 41.Nxb5 Qd8 42.Qxd8+ Kxd8 43.Nc3 Kc7
44.b5 Kd6 45.Ne4+ Kd5 46.Nxf6+ Kc5 47.Ne8  1-0

[Event "SLO-chT"]
[Site "Bled"]
[Date "1999.11.12"]
[Round "5"]
[White "Tratar, Marko"]
[Black "Crepan, Marjan"]
[Result "1-0"]
[WhiteElo "2442"]
[BlackElo "2289"]

1.d4 d5 2.c4 c6 3.Nc3 Nf6 4.e3 e6 5.Nf3 Nbd7 6.Qc2 Be7 7.b3 a6 8.Bd3 h6 9.O-O O-O
10.Bb2 Re8 11.Rad1 Qc7 12.e4 dxe4 13.Nxe4 Nxe4 14.Bxe4 Bf6 15.Rfe1 Rd8 16.c5 a5
17.a4 Rb8 18.Bc3 b6 19.cxb6 Qxb6 20.Ne5 Bb7 21.Nc4 Qa7 22.Bxa5 Rdc8 23.Bc3 Be7
24.Bd2 Ba6 25.Ne5 Nf6 26.Nxc6 Nxe4 27.Qxe4 Rxc6 28.Qxc6 Rxb3 29.Rb1 Rd3 30.Be3 Ra3
31.d5 Rxe3 32.fxe3 exd5 33.Qb6 Bc5 34.Qxa7 Bxa7 35.a5 f5 36.Rb6 Bc4 37.g3 Kh7
38.Kf2 h5 39.h4 Bd3 40.Rc1  1-0

[Event "ch-ESP (team) Div 2"]
[Site "Cala Galdana ESP"]
[Date "1999.11.12"]
[Round "5"]
[White "Pons,C"]
[Black "Llanes Hurtado,M"]
[Result "1-0"]
[WhiteElo "2291"]
[BlackElo "2272"]

1.d4 d5 2.c4 c6 3.e3 Nf6 4.Nc3 e6 5.Nf3 Nbd7 6.Qc2 Bd6 7.Be2 O-O 8.O-O Qe7
9.Rd1 dxc4 10.Bxc4 e5 11.h3 e4 12.Ng5 Nb6 13.Bb3 Bf5 14.f3 Rae8 15.Ngxe4 Nxe4
16.fxe4 Bg6 17.Qf2 Bxe4 18.Nxe4 Qxe4 19.Bc2 Qd5 20.e4 Qh5 21.Bf4 Bxf4 22.Qxf4 Qb5
23.b3 Rd8 24.Rd2 Rd7 25.Rad1 Qb4 26.e5 Qe7 27.Rf2 Nd5 28.Qe4 g6 29.Rdf1 Nc7
30.Bd3 Ne6 31.Bc4 Rxd4 32.Qe3 Rd7 33.Rf6 Qc5 34.Qxc5 Nxc5 35.e6 Re7 36.Rxf7 Rexf7
37.e7  1-0

[Event "28th It"]
[Site "Lazarevac YUG"]
[Date "1999.11.12"]
[Round "12"]
[White "Ivanisevic,I"]
[Black "Benkovic,P"]
[Result "1-0"]
[WhiteElo "2447"]
[BlackElo "2328"]

1.d4 d5 2.c4 c6 3.Nc3 Nf6 4.e3 e6 5.Nf3 Nbd7 6.Qc2 Bd6 7.Bd3 O-O 8.O-O e5
9.cxd5 cxd5 10.e4 dxe4 11.Nxe4 Nxe4 12.Bxe4 h6 13.Be3 exd4 14.Bh7+ Kh8 15.Bxd4 Nf6
16.Bf5 Qa5 17.Bxc8 Rfxc8 18.Qb3 Qd5 19.Rfd1 Qxb3 20.axb3 Ne4 21.Rxa7 Rxa7
22.Bxa7 Rc2 23.Bd4 Bc5 24.Ne1 Re2 25.Bxc5 Nxc5 26.b4 Na4 27.b3 Nc3 28.Kf1 Rb2
29.Rd3 Ne4 30.Rd8+ Kh7 31.Nd3 Rxb3 32.Ke2 Ra3 33.Rd7 Nc3+ 34.Kd2 b5 35.Rxf7 Nd5
36.Rf5 Ra2+ 37.Kc1 Nc3 38.Rc5 Ne2+ 39.Kd1 Nd4 40.Rd5 Ne2 41.Re5 Nd4 42.h4 g6
43.Re4 Nf5 44.g3 Kg7 45.Ke1 Rc2 46.Kf1 Rd2 47.Nf4 Rb2 48.Kg2 Kf7 49.Nd3 Rd2
50.Ne5+ Kg7 51.Nf3 Rb2 52.Ne5 Kf6 53.Nd7+ Kf7 54.Kf3 Rb3+ 55.Kg4 Kg7 56.h5 Rd3
57.Ne5 Rd4 58.Rxd4 Nxd4 59.hxg6 Nc2 60.Nc6 Kxg6 61.Kf4 Kf6 62.Ke4 h5 63.f4 Kg6
64.Ke5 Ne3 65.Ke6 Nf1 66.f5+ Kh7 67.f6 Nxg3 68.f7 Kg7 69.Ne5 Ne4 70.Ke7  1-0

[Event "Match"]
[Site "Cannes FRA"]
[Date "1999.11.16"]
[Round "4"]
[White "Tkachiev,V"]
[Black "Van der Wiel,J"]
[Result "1-0"]
[WhiteElo "2648"]
[BlackElo "2544"]

1.d4 Nf6 2.c4 c6 3.Nc3 d5 4.e3 e6 5.Nf3 Nbd7 6.Bd3 dxc4 7.Bxc4 b5 8.Bd3 a6
9.e4 c5 10.e5 cxd4 11.Nxb5 axb5 12.exf6 gxf6 13.O-O Qb6 14.Qe2 Ba6 15.Rd1 Rd8
16.b4 Bxb4 17.Rb1 Bc5 18.Bf4 Rg8 19.Bg3 Ra8 20.a3 Qa7 21.Rdc1 Rxg3 22.hxg3 Bxa3
23.Rd1 Bc5 24.Bxb5 Bxb5 25.Rxb5 Qa4 26.Qd3 Rd8 27.Rc1 Ba7 28.Rcb1 Nc5 29.Qxh7 d3
30.R5b4 Qa2 31.R4b2 Qa6 32.Qg7 Ke7 33.Nh4 Rd7 34.Ng6+ Kd6 35.Nf8 Ne4 36.Nxd7 d2
37.Nb6 Qe2 38.Qf8+ Ke5 39.Rb5+ Kd4 40.Qb4+  1-0

[Event "City-ch"]
[Site "Mar del Plata ARG"]
[Date "1999.11.19"]
[Round "2"]
[White "Cristobal,R"]
[Black "Kanefsck,G"]
[Result "1/2-1/2"]
[WhiteElo "2260"]
[BlackElo "2391"]

1.d4 d5 2.c4 c6 3.e3 Nf6 4.Nc3 e6 5.Nf3 Nbd7 6.a3 Bd6 7.Qc2 O-O 8.cxd5 exd5
9.Bd3 Re8 10.Bd2 Qe7 11.h3 Ne4 12.b4 f5 13.Kf1 Rf8 14.g3 Ndf6 15.Kg2 Bd7
16.Ne2 Rae8 17.Bc3 Nxc3 18.Nxc3 Ne4 19.h4 a6 20.Ne2 Ra8 21.Nf4  1/2-1/2

[Event "Den Bosch"]
[Site "Hertogenbosch NED"]
[Date "1999.11.23"]
[Round "6"]
[White "Hergott,D"]
[Black "Van der Sterren,P"]
[Result "0-1"]
[WhiteElo "2396"]
[BlackElo "2535"]

1.d4 Nf6 2.Nf3 d5 3.c4 e6 4.Nc3 c6 5.e3 Nbd7 6.Qc2 Bd6 7.Be2 O-O 8.O-O e5
9.cxd5 cxd5 10.Nb5 Bb8 11.dxe5 Nxe5 12.Bd2 Bg4 13.Nbd4 Qd6 14.Nxe5 Qxe5 15.f4 Qe7
16.Bxg4 Nxg4 17.Rae1 Nf6 18.Nf5 Qe6 19.Bc3 a6 20.Rf3 Ba7 21.Rg3 g6 22.Nh6+ Kg7
23.Ng4 d4 24.exd4 Bxd4+ 25.Kh1 Qb6 26.Nxf6 Qxf6 27.Bxd4 Qxd4 28.Qc3 Rfd8
29.h3 Rac8 30.Qxd4+ Rxd4 31.Re7 b5 32.f5 Rf4 33.fxg6 hxg6 34.Ra3 Rc2 35.Rxa6 Rf1+
36.Kh2 Rff2 37.Raa7 Rxg2+ 38.Kh1 Rgf2 39.Kg1 Rxb2 40.a3 Rg2+ 41.Kf1 Rbf2+
42.Ke1 Rf3 43.Rab7 Rh2  0-1

[Event "Eu Team Ch"]
[Site "Batumi GEO"]
[Date "1999.12.01"]
[Round "3"]
[White "Lautier,J"]
[Black "Ivanchuk,V"]
[Result "1-0"]
[WhiteElo "2638"]
[BlackElo "2702"]

1.Nf3 d5 2.d4 Nf6 3.c4 c6 4.Nc3 e6 5.e3 Nbd7 6.Bd3 dxc4 7.Bxc4 b5 8.Bd3 a6
9.e4 c5 10.e5 cxd4 11.Nxb5 Ng4 12.Qa4 Bb7 13.Nbxd4 Qb6 14.O-O Bc5 15.h3 Bxf3
16.hxg4 Bd5 17.Nf3 h5 18.g5 Qb7 19.Qf4 O-O 20.b3 a5 21.Bd2 Bb4 22.Rad1 Rad8
23.Be2 Nc5 24.Bxb4 Qxb4 25.Rd4 Qa3 26.Qd2 a4 27.bxa4 Ne4 28.Qb4 Qxb4 29.Rxb4 Nc3
30.Re1 Nxa2 31.Rh4 Nc3 32.Bf1 Ra8 33.Ra1 Rfb8 34.a5 g6 35.Rd4 Rb2 36.Rd2 Rb4
37.Rd4 Rb2 38.Rd2 Rb4 39.Rc2 Nb5 40.Rc5 Na7 41.Rac1 Nc6 42.Rxd5 exd5 43.Rxc6 Rxa5
44.e6  1-0

[Event "Eu Team Ch"]
[Site "Batumi GEO"]
[Date "1999.12.04"]
[Round "5"]
[White "Ftacnik,L"]
[Black "Kosic,D"]
[Result "1/2-1/2"]
[WhiteElo "2589"]
[BlackElo "2523"]

1.d4 d5 2.c4 c6 3.Nc3 Nf6 4.e3 e6 5.Nf3 Nbd7 6.Bd3 dxc4 7.Bxc4 b5 8.Be2 a6
9.e4 b4 10.e5 bxc3 11.exf6 Nxf6 12.bxc3 Bd6 13.O-O O-O 14.Ne5 Qc7 15.Bf3 Bb7
16.Rb1 Rab8 17.Re1 c5 18.Rxb7 Rxb7 19.Bxb7 Qxb7 20.Ba3 Qc7 21.Bxc5 Bxc5 22.dxc5 Qxc5
23.c4 h6 24.h3 Rc8 25.Qe2 Qc7 26.Rd1 Qc5 27.Rd3 Qb6 28.Rb3 Qc7 29.Qb2 Nd7
30.Nxd7 Qxd7 31.Rg3 g6 32.Qe2 Qc6  1/2-1/2

[Event "Eu Team Ch"]
[Site "Batumi GEO"]
[Date "1999.12.05"]
[Round "6"]
[White "Aleksandrov,A"]
[Black "Illescas Cordoba,M"]
[Result "1-0"]
[WhiteElo "2619"]
[BlackElo "2600"]

1.d4 d5 2.c4 c6 3.Nc3 Nf6 4.e3 e6 5.Nf3 Nbd7 6.Bd3 dxc4 7.Bxc4 b5 8.Be2 b4
9.Na4 Be7 10.O-O O-O 11.a3 bxa3 12.b3 Bb7 13.Qd2 c5 14.dxc5 Be4 15.Qc3 Qc7
16.Bxa3 Ng4 17.g3 Ndf6 18.Bb2 Bb7 19.b4 e5 20.b5 Ne4 21.Qc4 Bxc5 22.Nxc5 Qxc5
23.Qxc5 Nxc5 24.Nxe5 Nxe5 25.Bxe5 Rfe8 26.Bb2 Nb3 27.Rad1 Rac8 28.Rd7 Nc5
29.Rfd1 a6 30.b6 Rc6 31.Rc1 Rec8 32.Rdd1 Ne6 33.f4 Rxb6 34.Rxc8+ Bxc8 35.Ba1 f5
36.e4 g6 37.exf5 gxf5 38.Bd3 Nc5 39.Bd4 Rc6 40.Rc1  1-0

[Event "Eu Team Ch"]
[Site "Batumi GEO"]
[Date "1999.12.05"]
[Round "6"]
[White "Kempinski,R"]
[Black "Pinter,J"]
[Result "1-0"]
[WhiteElo "2549"]
[BlackElo "2556"]

1.d4 Nf6 2.c4 e6 3.Nf3 d5 4.Nc3 c6 5.e3 Nbd7 6.Qc2 Bd6 7.g4 Bb4 8.Bd2 Qe7
9.a3 Bxc3 10.Bxc3 b6 11.Rg1 Ne4 12.Bd3 Nxc3 13.Qxc3 Bb7 14.cxd5 exd5 15.g5 g6
16.h4 O-O-O 17.b4 Kb8 18.a4 a6 19.a5 b5 20.Bf1 f5 21.O-O-O Rc8 22.Kb2 h6
23.Bd3 hxg5 24.Rxg5 Rxh4 25.Rxg6 Rg4 26.Rg1 Rf8 27.Nd2 Rf6 28.Rg8+ Rf8 29.Rxf8+ Qxf8
30.Rh1 Rg2 31.f4 Rg3 32.Bc2 Qe7 33.Re1 Qh7 34.Nb3 Rg2 35.Kb1 Nf6 36.Qc5 Ne4
37.Bxe4 dxe4 38.d5 Qg8 39.Nd4 cxd5 40.Rc1 Rg1 41.Nxf5 Rxc1+ 42.Kxc1 Qg1+
43.Kb2 Qd1 44.Nd4 Qd2+ 45.Nc2 Qf2 46.Kc3 Qg3 47.Qf8+ Ka7 48.Kb2 d4 49.Qc5+ Ka8
50.Qxd4 Qf2 51.Qe5 Qd2 52.Qh8+ Ka7 53.Qd4+  1-0

[Event "FSGM December"]
[Site "Budapest HUN"]
[Date "1999.12.05"]
[Round "2"]
[White "Hoang Thanh Trang"]
[Black "Lipinsky,F"]
[Result "1-0"]
[WhiteElo "2453"]
[BlackElo "2331"]

1.d4 d5 2.c4 c6 3.Nf3 Nf6 4.Nc3 e6 5.e3 Nbd7 6.Qc2 Bd6 7.b3 O-O 8.Be2 b6
9.O-O Bb7 10.Bb2 Qe7 11.e4 dxe4 12.Nxe4 Nxe4 13.Qxe4 f5 14.Qe3 c5 15.Rad1 Rad8
16.Qg5 Nf6 17.Ne5 Ne4 18.Qxe7 Bxe7 19.f3 Nf6 20.dxc5 Bxc5+ 21.Kh1 Rfe8 22.Bc3 a5
23.Rd3 Kf8 24.Re1 Ke7 25.Bd1 Rg8 26.Rxd8 Rxd8 27.Bc2 g6 28.Nd3 Bd4 29.Bd2 Nd7
30.Bg5+ Bf6 31.Be3 Kf7 32.Kg1 Rc8 33.Bb1 Ba6 34.Rd1 Ke7 35.a3 a4 36.Nb4 Bb7
37.bxa4 Rxc4 38.Bd3 Rc7 39.Bb5 Nc5 40.Nd3 Bd5 41.a5 Nxd3 42.axb6 Rc3 43.Rxd3 f4
44.Rxc3 Bxc3 45.Bc5+ Kd8 46.Kf1 Bb7 47.Ke2 e5 48.Bd6 g5 49.Kd3 Bd4 50.Bc7+ Kc8
51.h3 Bd5 52.a4 h5 53.Bc4 Bc6 54.Be6+ Kb7 55.a5 g4 56.hxg4 hxg4 57.Bxg4 Bb5+
58.Ke4 Bc6+ 59.Kf5 Bc3 60.Bxe5 Bxa5 61.Bc7  1-0

[Event "FSGM December"]
[Site "Budapest HUN"]
[Date "1999.12.05"]
[Round "2"]
[White "Li Wenliang"]
[Black "Lukacs,P"]
[Result "1/2-1/2"]
[WhiteElo "2381"]
[BlackElo "2475"]

1.d4 Nf6 2.c4 e6 3.Nf3 d5 4.Nc3 c6 5.e3 Nbd7 6.Qc2 Bd6 7.b3 O-O 8.Be2 Re8
9.O-O b6 10.e4 Nxe4 11.Nxe4 dxe4 12.Qxe4 Bb7 13.Bf4 Nf6 14.Qe3 c5 15.Bxd6 Qxd6
16.dxc5 Qxc5 17.Qxc5 bxc5 18.Rfd1 Red8  1/2-1/2

[Event "Eu Team Ch (women)"]
[Site "Batumi GEO"]
[Date "1999.12.06"]
[Round "7"]
[White "Medic,Mir"]
[Black "Budylina,S"]
[Result "1-0"]
[WhiteElo "2312"]
[BlackElo "2032"]

1.d4 d5 2.c4 e6 3.Nc3 Nf6 4.Nf3 c6 5.e3 Be7 6.Qc2 O-O 7.Bd3 Nbd7 8.O-O dxc4
9.Bxc4 a6 10.e4 h6 11.a3 c5 12.Ba2 cxd4 13.Nxd4 Ne5 14.Rd1 Qc7 15.Nd5 Nxd5
16.exd5 Qxc2 17.Nxc2 exd5 18.Bxd5 Bc5 19.Be3 Bxe3 20.Nxe3 Rb8 21.Rac1 Ng4
22.Rc7 Nf6 23.Bf3 b5 24.b4 Rb6 25.h3 g6 26.Rdc1 Rb8 27.Ra7 Kg7 28.Nd5 Nxd5
29.Bxd5 Rb6 30.Bxf7 Rxf7 31.Rxf7+ Kxf7 32.Rxc8 Rd6 33.Rc3 Ke6 34.Kf1 Ke5
35.Ke2 g5 36.g3 h5 37.Ke3 Kf5 38.Rc5+ Kg6 39.Ke4 Rf6 40.f4 gxf4 41.gxf4 Re6+
42.Re5 Rc6 43.Rg5+ Kf6 44.Rxh5 Rc4+ 45.Kd5 Rxf4 46.Rh6+ Ke7 47.Rxa6  1-0

[Event "Eu Team Ch (women)"]
[Site "Batumi GEO"]
[Date "1999.12.06"]
[Round "8"]
[White "Zhukova,N"]
[Black "Madl,I"]
[Result "1/2-1/2"]
[WhiteElo "2462"]
[BlackElo "2435"]

1.d4 d5 2.c4 c6 3.Nc3 Nf6 4.e3 e6 5.Nf3 Nbd7 6.Bd3 dxc4 7.Bxc4 b5 8.Be2 Bb7
9.O-O a6 10.e4 c5 11.e5 Nd5 12.a4 b4 13.Ne4 Qc7 14.Re1 h6 15.Bf1 Be7 16.dxc5 Nxc5
17.Nxc5 Bxc5 18.Nd2 Ne7 19.Ne4 Bxe4 20.Rxe4 O-O 21.a5 Rfd8 22.Qh5 Ng6 23.Bc4 Rd4
24.Rxd4 Bxd4 25.Bxe6 fxe6 26.Qxg6 Qxe5 27.Bxh6 Rf8 28.Be3 Bxb2 29.Rb1 Bc3
30.h4 Qf5 31.Qxf5 Rxf5 32.Bb6 Kf7 33.Kf1 Re5 34.f3 Rd5 35.g4 Rd2 36.Bc5 Rd5
37.Bb6 Rd2 38.Bc5 Rd5 39.Bb6 Rd2  1/2-1/2

[Event "Eu Team Ch (women)"]
[Site "Batumi GEO"]
[Date "1999.12.06"]
[Round "8"]
[White "Kachiani,K"]
[Black "Pitam,E"]
[Result "1/2-1/2"]
[WhiteElo "2427"]
[BlackElo "2317"]

1.d4 d5 2.c4 e6 3.Nf3 c6 4.e3 Nf6 5.Nc3 Nbd7 6.Qc2 Be7 7.Bd3 O-O 8.O-O b6
9.Rd1 Bb7 10.b3 Rc8 11.Bb2 Qc7 12.Rac1 Qb8 13.Ne5 Rfd8 14.Qe2 Nf8 15.cxd5 cxd5
16.f4 Rc7 17.Nb5 Rcc8 18.Rf1 a6 19.Nc3 b5 20.a4 b4 21.Nd1 a5 22.Nf2 Re8 23.g4 Rxc1
24.Bxc1 Qc7 25.Qc2 Qxc2 26.Bxc2 N6d7 27.Bd3 Nxe5  1/2-1/2

[Event "FSIMA December"]
[Site "Budapest HUN"]
[Date "1999.12.06"]
[Round "3"]
[White "Szeberenyi,A"]
[Black "Petran,Pa"]
[Result "1/2-1/2"]
[WhiteElo "2357"]
[BlackElo "2371"]

1.d4 d5 2.c4 c6 3.Nc3 Nf6 4.Nf3 e6 5.e3 Nbd7 6.Qc2 Bd6 7.Bd3 dxc4 8.Bxc4 Qe7
9.h3 e5 10.a3 O-O 11.O-O Re8 12.Nh4 Bb8 13.Ba2 Nf8 14.Bd2 h6 15.Rad1 a6  1/2-1/2

[Event "Eu Team Ch"]
[Site "Batumi GEO"]
[Date "1999.12.07"]
[Round "8"]
[White "Georgiev,Vl"]
[Black "Chernin,A"]
[Result "1/2-1/2"]
[WhiteElo "2519"]
[BlackElo "2619"]

1.d4 d5 2.c4 c6 3.e3 Nf6 4.Nc3 e6 5.Nf3 Nbd7 6.Bd3 dxc4 7.Bxc4 b5 8.Be2 b4
9.Na4 Bb7 10.O-O Be7 11.a3 a5 12.Qc2 O-O 13.Rd1 c5 14.dxc5 Qc7 15.axb4 axb4
16.Bd2 Be4 17.Bd3 Bxd3 18.Qxd3 Nxc5 19.Qc4 Rfc8 20.Nxc5 Qxc5 21.Qxc5 Bxc5
22.Kf1 Be7 23.Rxa8 Rxa8 24.Ne5 Ne4 25.Be1 Bf6 26.Nd3 b3 27.Bb4 Ra6 28.Ke2 Rc6
29.f3 Nd6 30.Bxd6 Rxd6 31.Rc1 Rd8 32.Rc4 h5 33.e4 g6 34.e5 Bg7 35.h4 Bf8
36.Rc7 Rb8 37.Ke3 Ra8 38.Rb7 Rc8 39.f4 Rc2 40.Kf3 Rd2 41.Rxb3 Be7 42.g3 Kf8
43.Rc3 Ke8 44.b3 Bd8 45.Nf2 Ba5 46.Rd3 Rb2 47.Ne4 Ke7 48.g4 hxg4+ 49.Kxg4 Rg2+
50.Kf3 Rb2 51.Nf6 Kf8 52.Ke4 Re2+ 53.Re3 Rg2 54.h5 gxh5 55.Rh3 Bd8 56.Rxh5 Kg7
57.Ne8+ Kg8 58.Rh3 Be7 59.Nf6+ Kg7 60.Rg3+ Rxg3 61.Nh5+ Kg6 62.Nxg3 f6 63.Ne2 Ba3
64.Nd4 Kf7 65.Nc6 Bc5 66.b4 Bb6 67.b5 fxe5 68.fxe5 Bc5 69.Na5 Ke7 70.Nc4 Bf2
71.Kf4 Bd4 72.Kg5 Bc5 73.Kg6 Bd4 74.b6 Kd7 75.Kf6 Bf2 76.b7 Ba7 77.Nd6 Bb8
78.Nb5 Kc6 79.Nd6 Kd7 80.Kf7 Bc7 81.Kg7 Bb8 82.Kf6 Bc7 83.Ne4 Kc6 84.Nd6 Kd7
85.Nc4 Kc6 86.Kxe6 Kxb7 87.Nd6+ Kc6 88.Ke7 Bb8  1/2-1/2

[Event "Eu Team Ch"]
[Site "Batumi GEO"]
[Date "1999.12.07"]
[Round "9"]
[White "Butnorius,A"]
[Black "Kosic,D"]
[Result "0-1"]
[WhiteElo "2456"]
[BlackElo "2523"]

1.d4 d5 2.c4 c6 3.Nf3 Nf6 4.Nc3 e6 5.e3 Nbd7 6.Qc2 Bd6 7.Be2 O-O 8.O-O Qe7
9.Rd1 Re8 10.h3 h6 11.a3 a5 12.Bd2 b6 13.e4 dxe4 14.Nxe4 Nxe4 15.Qxe4 Bb7
16.Bd3 f5 17.Qe2 c5 18.Bc3 cxd4 19.Bxd4 Rad8 20.Bc3 Nc5 21.Bc2 Ne4 22.Bd4 Ng5
23.Ne1 Qc7 24.Ba4 Rf8 25.h4 Ne4 26.Bc2 e5 27.Be3 Kh8 28.Rac1 Rde8 29.f3 Ng3
30.Qf2 f4 31.Bxb6 Qe7 32.Qd2 Qxh4 33.Bd3 e4 34.fxe4 Bxe4 35.Rc2 Bxd3 36.Qxd3 Qh1+
37.Kf2 Ne4+  0-1